Loading...
| Ancient History and Archaeology | 2 | 5.00 | 0% | 0% | 50% |
| Beliefs | 11 | 13.64 | 55% | 46% | 36% |
| British and Commonwealth History | 2 | 20.00 | 50% | 100% | 50% |
| Current Events | 4 | 15.00 | 50% | 75% | 25% |
| Fine Arts - Auditory | 4 | 17.50 | 75% | 25% | 75% |
| Fine Arts - Visual | 6 | 21.67 | 33% | 100% | 83% |
| Geography | 2 | 15.00 | 50% | 50% | 50% |
| History - American | 6 | 13.33 | 33% | 50% | 50% |
| History - European | 7 | 15.71 | 57% | 57% | 43% |
| History - World | 8 | 12.50 | 38% | 63% | 25% |
| Literature - American | 2 | 15.00 | 50% | 50% | 50% |
| Literature - British | 6 | 21.67 | 67% | 83% | 67% |
| Literature - European | 4 | 15.00 | 75% | 0% | 75% |
| Other Academic | 2 | 20.00 | 50% | 100% | 50% |
| Other Arts: Auditory | 3 | 20.00 | 67% | 100% | 33% |
| Other Arts: Visual | 3 | 16.67 | 67% | 67% | 33% |
| Other Science: Earth Science | 3 | 13.33 | 67% | 67% | 0% |
| Other Science: Math | 1 | 10.00 | 0% | 100% | 0% |
| Philosophy | 4 | 20.00 | 50% | 50% | 100% |
| Science - Biology | 6 | 21.67 | 50% | 100% | 67% |
| Science - Chemistry | 6 | 15.00 | 50% | 33% | 67% |
| Science - Physics | 6 | 11.67 | 17% | 50% | 50% |
| Social Science | 4 | 20.00 | 75% | 50% | 75% |
| World and Other Literature | 6 | 8.33 | 33% | 33% | 17% |